000 00391 a2200109 4500
001 ART_45345
005 20260410162026.0
008 260409a
245 1 0 _aProcesos de despojo y de mantener la posesión y la tenencia en el Código Civil y Comercial de la Nación
100 1 _aTessone, Alberto J.
773 0 _tTemas de derecho procesal
_g- Nº 2 (feb. 2018)
_wREV44095
999 _c33600
_d33600